01132nab a22002417a 4500003000400000005001700004008004100021040000700062100003700069245015300106260007200259300001500331500003900346505011400385505008900499650002000588650002500608650002400633650003900657650002400696700003300720773013700753OSt20260110022322.0190605e xxu||||| |||| 00| 0 spa d cPJ aCáceres Falkiewicz, Marcos M. 10aLineamientos para un correcto cálculo de intereses en materia de ley de riesgos de trabajo /cMarcos M. Cáceres Falkiewicz, Gustavo D. Lerussi.  aCiudad Autónoma de Buenos Aires :bThomson Reuters La Ley,c2023. ap. 187-192 aCita: TR LALEY AR/DOC/2534/2023.  aSumario: I. Introducción.— II. Antecedentes.— III. La reciente res. SSN 332/2023.— IV. Conclusión.  t¿Te interesa el texto completo? Solicitalo al correo: koha@justierradelfuego.gov.ar 0aDERECHO LABORAL 0aCOMISIONES MÉDICAS 0aRIESGOS DEL TRABAJO 0aASEGURADOR POR RIESGOS DEL TRABAJO 0aINCAPACIDAD LABORAL aLerussi, Gustavo D.ecoautor0 02711dCiudad Autónoma de Buenos Aires : Thomson Reuters La Ley, 1999-2002.tRevista de derecho del trabajo. Nº 6 - Noviembre 2023